Hội chứng rối loạn sinh sản và hô hấp ở lợn (PRRS)

Giúp người đọc thông tin cập nhật về bệnh rối loạn sinh sản và hô hấp trên thế giới và trong nước để có cơ sở, quyết sách kiểm soát bệnh này

Đã lưu trong:
書目詳細資料
主要作者: Nguyễn, Viết Không
格式: 圖書
語言:Undetermined
出版: Hà Nội Nông nghiệp 2016
主題:
標簽: 添加標簽
沒有標簽, 成為第一個標記此記錄!
Thư viện lưu trữ: Trung tâm Học liệu Trường Đại học Cần Thơ
LEADER 00880nam a2200205Ia 4500
001 CTU_224625
008 210402s9999 xx 000 0 und d
082 |a 636.4089 
082 |b Kh455 
100 |a Nguyễn, Viết Không 
245 0 |a Hội chứng rối loạn sinh sản và hô hấp ở lợn (PRRS) 
245 0 |c Nguyễn Viết Không (Chủ biên), Đỗ Hữu Dũng 
260 |a Hà Nội 
260 |b Nông nghiệp 
260 |c 2016 
520 |a Giúp người đọc thông tin cập nhật về bệnh rối loạn sinh sản và hô hấp trên thế giới và trong nước để có cơ sở, quyết sách kiểm soát bệnh này 
650 |a Swine,Lợn 
650 |x Diseases,Bệnh 
910 |b nthai 
980 |a Trung tâm Học liệu Trường Đại học Cần Thơ